01464nam a2200277 a 4500001001000000005001700010008004100027041000800068044000700076084002200083100004500105245012600150260006400276300002200340500033200362500006800694500009200762500001000854546002500864650005200889650005600941650003400997650004501031700006001076740005001136BRCA_303520190320204059.0210109s1768----ne-a---###---#000-0#fre-u afre ane a343b.B3776c17681 aCervantes Saavedra, Miguel ded1547-161610aHistoire de L´Admirable Don Quichotte de la ManchecMiguel de Cervantes Saavedra ; Traduite par Filleau de Saint-Martin. aLa HayabJean-Francoise Bassompierre : Van den Berhenc1768 a6 v.bil.c15 cm. aContenido : v 1. Primera parte. Advertencia del traductor. Dedicatoria a D. Quijote. Advertencia del librero. Texto. -- v 2. Texto. -- v 3. Segunda parte. Texto. -- v 4. Texto. -- v 5. Primera parte de la continuación escrita por el traductor. Texto. -- v 6. Segunda parte de la continuación escrita por el traductor. Texto aEdición : Nouveé Edition Revueé Corrigée et Augmentée aReproducción de la edición LO-342. La parte tipográfica es buena Lúdovik Osterc aQM271 aTexto en : francés14aNovela españolayÉpoca clásica, 1500-170014aLiteratura españolayÉpoca clásica, 1500-170014aNovela españolaySiglo XVII14aDon Quijote (Personaje ficticio)eNovela1 aSaint-Martin, Francois Filleau ded1632-1695eTraductor0 aEl Ingenioso Hidalgo Don Quijote de la Mancha